000 00888nam a22002297a 4500
003 OSt
005 20250422083509.0
008 250422b |||a|||| |||| 00| 0 spa d
020 _a9789585848948
037 _bDonación
040 _aCO-JMCR
_bspa
_cCO-JMCR
_dCO-JMCR
_erda
041 0 _aspa
082 0 4 _a363.348
_bZ35c
_223
100 1 _aZapata Báez, Roberto
_944123
245 1 0 _aColombia humanitaria :
_bun modelo replicable para la gestión y atención de emergencias de gran magnitud /
_cRoberto Zapata Báez, Lina Catherine Mantilla y María del Pilar Gómez ; corrección de estilo Laura Chavarro
260 _aBogotá :
_bColombia Humanitaria,
_c2014.
300 _a126 páginas:
_bIlustracione;
_c25 cm.
700 1 _aChavarro, Laura,
_ecorrección de estilo
_944124
700 1 _aGómez, María del Pilar
_944125
700 1 _aMantilla, Lina Catherine
_944126
942 _2ddc
_cBK
999 _c30972
_d17356